00309nam a2200121Ia 4500008004100000082001800041100002300059245004500082250000900127260003500136300000800171650000800179191201s2008 xx 000 0 und d a658.4012bGUB aJAUCH, Lawrence R. 0aBusiness Policy and Strategic Management aRep. aN.DelhibFrank Bross Co.c2008 a738 aMBA